[Event "Aligarh Pavna op"]
[Site "Aligarh"]
[Date "2016.05.19"]
[Round "4"]
[White "Rajesh, Kumar Nath"]
[Black "Himanshu, Sharma"]
[Result "0-1"]
[WhiteElo "1790"]
[BlackElo "2389"]
[PlyCount "124"]
[EventDate "2016.05.17"]
[EventType "swiss"]
[EventRounds "9"]
[EventCountry "IND"]
[SourceTitle "CBM 172 Extra"]
[Source "ChessBase"]
[SourceDate "2016.06.21"]
[SourceVersion "1"]
[SourceVersionDate "2016.06.21"]
[SourceQuality "1"]

1. e4 c5 2. Nf3 e6 3. Bc4 a6 4. 0-0 b5 5. Be2 Bb7 6. Re1 Bxe4 7. Bxb5 axb5 8. Rxe4 Nf6 9. Re1 Nc6 10. Nc3 b4 11. Ne2 d5 12. d4 Qb6 13. Be3 h6 14. Nf4 Rd8 15. c3 bxc3 16. bxc3 Be7 17. Qa4 0-0 18. Reb1 Qc7 19. dxc5 Ra8 20. Qc2 e5 21. Ne2 Ng4 22. Bd4 e4 23. h3 exf3 24. hxg4 fxe2 25. Qxe2 Nxd4 26. cxd4 Ra4 27. Qd2 Bg5 28. Qb2 Bf6 29. Rd1 Rb8 30. Qc3 Qf4 31. Qe3 Rxd4 32. Rxd4 Qxd4 33. Qxd4 Bxd4 34. Rd1 Bxc5 35. Rxd5 Rb1+ 36. Kh2 Bxf2 37. Rd2 Be1 38. Re2 Kh7 39. g3 Bc3 40. Kh3 Rb2 41. Re3 Bd4 42. Rf3 Kg6 43. Ra3 Bg1 44. g5 Kxg5 45. g4 Bh2 46. Ra5+ Kg6 47. g5 hxg5 48. Kg4 Rb4+ 49. Kh3 Bc7 50. Rc5 Bb8 51. a3 Rb3+ 52. Kg2 Rxa3 53. Rb5 Bf4 54. Rb2 g4 55. Rc2 f5 56. Re2 Rd3 57. Re6+ Kg5 58. Kh1 Rd1+ 59. Kg2 Rd2+ 60. Kh1 Kh4 61. Re8 Kh3 62. Re3+ Bg3 0-1

[Event "New Delhi Parsvnath op 10th"]
[Site "New Delhi"]
[Date "2012.01.15"]
[Round "1"]
[White "Rajesh, Kumar Nath"]
[Black "Sandipan, Chanda"]
[Result "0-1"]
[WhiteElo "1852"]
[BlackElo "2628"]
[PlyCount "111"]
[EventDate "2012.01.15"]
[EventType "swiss"]
[EventRounds "11"]
[EventCountry "IND"]
[SourceTitle "CBM 146 Extra"]
[Source "ChessBase"]
[SourceDate "2012.02.29"]
[SourceVersion "1"]
[SourceVersionDate "2012.02.29"]
[SourceQuality "1"]

1. e4 c5 2. Nf3 d6 3. Bc4 Nf6 4. c3 e6 5. d3 Be7 6. 0-0 0-0 7. Re1 Nc6 8. Bb3 b5 9. Nbd2 Bb7 10. Nf1 Ne5 11. Bc2 Rc8 12. Ng3 Nfd7 13. Nxe5 dxe5 14. Qg4 Kh8 15. f4 Bh4 16. Rf1 Bxg3 17. Qxg3 f6 18. Qh3 Qe7 19. Be3 Rfd8 20. Rae1 exf4 21. Rxf4 e5 22. Rf5 Nf8 23. Ref1 Rc6 24. R5f2 Bc8 25. Qh5 Be6 26. a3 Bf7 27. Qe2 Ne6 28. g4 Bg8 29. Rf5 c4 30. g5 Nxg5 31. d4 exd4 32. Bxd4 Re6 33. Rxb5 Nxe4 34. Qg2 a6 35. Rbf5 Nd6 36. Rh5 Re2 37. Qg6 Ne4 38. Bxe4 Qxe4 39. Qxe4 Rxe4 40. Ra5 Bd5 41. h3 Bb7 42. Rc5 Rc8 43. Rf2 h6 44. Rd2 Kh7 45. Bf2 Rxc5 46. Bxc5 Bc8 47. Rh2 g5 48. Bd4 f5 49. Rd2 f4 50. Kg2 h5 51. Bf2 Be6 52. Rd6 g4 53. hxg4 hxg4 54. Rxa6 Re2 55. Kf1 f3 56. Ra7+ 0-1

[Event "IND-chT"]
[Site "Gurgaon"]
[Date "2010.02.21"]
[Round "1"]
[White "Praveen Kumar, Chandrasekar"]
[Black "Rajesh, Kumar Nath"]
[Result "1-0"]
[WhiteElo "2421"]
[BlackElo "1952"]
[PlyCount "121"]
[EventDate "2010.02.21"]
[EventType "team"]
[EventRounds "9"]
[EventCountry "IND"]
[SourceTitle "CBM 135 Extra"]
[Source "ChessBase"]
[SourceDate "2010.05.04"]
[SourceVersion "1"]
[SourceVersionDate "2010.05.04"]
[SourceQuality "1"]

1. d4 Nf6 2. c4 e6 3. Nc3 Bb4 4. e3 c5 5. Nge2 0-0 6. a3 Bxc3+ 7. Nxc3 cxd4 8. exd4 d5 9. c5 Nc6 10. Be2 Ne4 11. 0-0 Nxc3 12. bxc3 Qf6 13. f4 Qd8 14. Bd3 f5 15. Rb1 Kh8 16. Rf3 Ne7 17. Rh3 Ng8 18. g4 g6 19. g5 Qc7 20. Qe1 Qg7 21. c6 bxc6 22. a4 Qe7 23. Rb3 Rd8 24. Ba3 Qc7 25. Qe3 h5 26. Rf3 Kg7 27. Rf1 Bd7 28. Rfb1 Rab8 29. Bb4 Re8 30. Kf2 Kf7 31. Kf3 Ne7 32. Qc1 c5 33. Ba5 Qd6 34. dxc5 Qxc5 35. Rxb8 Rxb8 36. Rxb8 Qxa5 37. Qe3 Qxc3 38. Bb5 d4 39. Qxc3 dxc3 40. Ke3 Bc8 41. Kd3 a6 42. Bc6 e5 43. fxe5 Ke6 44. Kxc3 Kxe5 45. Bb7 Bd7 46. a5 Bb5 47. Ra8 f4 48. Kd2 f3 49. Bxa6 Bc6 50. Rb8 Kf5 51. Bb7 Kxg5 52. Bxc6 Nxc6 53. Rb6 Ne5 54. Rb5 Kf4 55. Rxe5 Kxe5 56. a6 g5 57. a7 g4 58. a8Q Kf4 59. Qf8+ Kg5 60. Ke3 Kh4 61. Qf4 1-0

[Event "Mumbai Mayors Cup 1st"]
[Site "Mumbai"]
[Date "2008.05.19"]
[Round "11"]
[White "Abhishek, Kelkar"]
[Black "Rajesh, Kumar Nath"]
[Result "1-0"]
[WhiteElo "2129"]
[BlackElo "1921"]
[PlyCount "52"]
[EventDate "2008.05.11"]
[EventType "swiss"]
[EventRounds "11"]
[EventCountry "IND"]
[SourceTitle "CBM 124 Extra"]
[Source "ChessBase"]
[SourceDate "2008.07.03"]
[SourceVersion "1"]
[SourceVersionDate "2008.07.03"]
[SourceQuality "1"]

1. e4 e5 2. Nf3 Nc6 3. Bb5 Bc5 4. c3 Qe7 5. 0-0 a6 6. Ba4 b5 7. Bb3 Nf6 8. d4 Bb6 9. a4 Bb7 10. Re1 0-0 11. Nh4 exd4 12. e5 Nxe5 13. Nf5 Nf3+ 14. gxf3 Qc5 15. Nxd4 Qh5 16. Bf4 c5 17. Re5 Qh3 18. Nf5 Bxf3 19. Qf1 Qg4+ 20. Bg3 Rae8 21. Ne7+ Rxe7 22. Rxe7 c4 23. Nd2 cxb3 24. Nxf3 Qxf3 25. Qe2 Qc6 26. axb5 axb5 1-0

[Event "IND Railways-ch"]
[Site "Chennai"]
[Date "2006.07.29"]
[Round "6"]
[White "Rajesh, Kumar Nath"]
[Black "Natarajan, C."]
[Result "1-0"]
[WhiteElo "1925"]
[BlackElo "2283"]
[PlyCount "93"]
[EventDate "2006.07.27"]
[EventType "tourn"]
[EventRounds "9"]
[EventCountry "IND"]
[SourceTitle "EXT 2010"]
[Source "ChessBase"]
[SourceDate "2010.11.25"]
[SourceVersion "1"]
[SourceVersionDate "2010.11.25"]
[SourceQuality "1"]

1. e4 e6 2. d4 d5 3. exd5 exd5 4. c4 Nf6 5. Nc3 Bb4 6. cxd5 Nxd5 7. Bd2 0-0 8. Nf3 Re8+ 9. Be2 Bxc3 10. bxc3 Qe7 11. c4 Nf6 12. h3 Nc6 13. Be3 Qb4+ 14. Kf1 Ne4 15. Qb3 Qxb3 16. axb3 Ng3+ 17. fxg3 Rxe3 18. Bd1 Nb4 19. Kf2 Re7 20. Rf1 Bf5 21. g4 Be4 22. Kg3 a5 23. Re1 b6 24. Nd2 Rae8 25. d5 Kf8 26. Bf3 Bc2 27. Rxe7 Rxe7 28. c5 Re3 29. d6 Rc3 30. Nc4 cxd6 31. cxb6 Be4 32. Rxa5 Bc6 33. Nxd6 Rxb3 34. b7 Bxb7 35. Nxb7 Nd3 36. Ra7 Ne5 37. Nd6 g6 38. Kf4 f6 39. Rxh7 Rb6 40. Rh8+ Kg7 41. Rd8 Nd3+ 42. Kg3 Nc5 43. h4 Ra6 44. h5 Ra7 45. Bd5 Ra3+ 46. Kh2 Ra4 47. Rg8+ 1-0